| 000 | 00974cam a2200241 4500 | ||
|---|---|---|---|
| 001 | WB3734-33 | ||
| 008 | 010913n2001 000 0 eng u | ||
| 035 | _a(Sirsi) u114566 | ||
| 245 | _aFree planning advice for farmers | ||
| 260 | _c2001 | ||
| 490 |
_aDEFRA News Release _v(133/01) 12 September 2001, (2) |
||
| 520 | _aDEFRA announces free planning advice and up to £800 for a planning feasibility study to support farmers wishing to diversify their businesses under the Rural Enterprise Scheme. Guidance for applicants and consultants is available from DEFRA's Rural Development Service and details are also available on the DEFRA website at http://www.defra.gov.uk/. | ||
| 590 | _aWB | ||
| 650 | _aPLANNING ADVICE | ||
| 650 | _aFARM DIVERSIFICATION | ||
| 650 | _aRURAL ENTERPRISE SCHEMES | ||
| 650 | _aFARM BUSINESSES | ||
| 650 | _aFARMERS | ||
| 650 | _aFOOT-AND-MOUTH DISEASE | ||
| 650 | _aFEASIBILITY STUDIES | ||
| 690 |
_aRural _96268 |
||
| 942 | _n0 | ||
| 999 |
_c68261 _d68261 |
||